000 02476cam a2200241 4500500
005 20260405003001.0
041 _afre
042 _adc
100 1 0 _aDamiani, Carole
_eauthor
245 0 0 _aLa victime, un acteur central dans les procès hors normes
260 _c2026.
500 _a86
520 _aRésuméL’association Paris Aide aux Victimes, agréée par le ministère de la Justice, s’est vue confier une mission d’accompagnement et de soutien psychologique des parties civiles des procès hors normes qui se sont déroulés à Paris. L’équipe de l’association a donc été mobilisée pour préparer le dispositif en amont de ces procès et les soutenir durant les audiences, et ce, jusqu’au prononcé de la décision. Cet accompagnement des victimes a été le fruit d’une longue expérience qui a débuté en 2002 avec le procès des attentats de juillet 1995, et qui s’est affinée à l’occasion des différents procès hors normes qui se sont déroulés à la cour d’appel de Paris. L’élaboration de ces dispositifs de soutien psychologique s’est appuyée sur la parole des victimes et la prise en compte de leurs attentes.
520 _aSummaryThe association Paris Aide aux Victimes, accredited by the Ministry of Justice, was entrusted with a mission to provide support and psychological assistance to the civil parties in the exceptional large-scale trials held in Paris. The association’s team was therefore mobilised to prepare the support arrangements in advance of these trials and to assist the civil parties throughout the hearings, up to and including the delivery of the judgment. This support for victims was the result of extensive experience beginning in 2002 with the trial relating to the July 1995 terrorist attacks, and further refined through the various exceptional large-scale trials conducted before the Paris Court of Appeal. The development of these psychological support arrangements was grounded in the victims’ own accounts and in careful consideration of their expectations.
690 _aACCOMPAGNEMENT
690 _aAttentats de Paris 2015
690 _aPlace des victimes
690 _aProcès hors normes
690 _aSoutien psychologique
690 _aVictimes du terrorisme
786 0 _nLes Cahiers de la Justice | 1 | 1 | 2026-03-18 | p. 65-77 | 1958-3702
856 4 1 _uhttps://droit.cairn.info/revue-les-cahiers-de-la-justice-2026-1-page-65?lang=fr&redirect-ssocas=7080
999 _c2063238
_d2063238